000 00847nas a2200289 4500
001 BR0804068
003 BR-BrBNA
005 20231205111741.0
007 ta
008 230509b bl.|||p| |||| 00| 00por d
040 _aBR-BrBNA
_bpor
_cBiblioteca Nacional de Agricultura
041 _a(Pt)
072 _aF01; H60
100 1 _aCorreia, N.M.
100 1 _aSouza, I.F.
100 1 _aKlink, U.P.
245 1 _aPalha de sorgo associada ao herbicida Imazamox no controle de plantas daninhas na cultura da soja em sucessão
650 _aALELOPATIA
650 _aPALHA
650 _aHERBICIDA
650 _aERVA DANINHA
650 _aSOJA
650 _aPLANTIO DIRETO
773 0 _tPlanta Daninha (Brazil)
_xISSN 0100-8358
_g(2005), v. 23(3) p. 483-489
_wBR0804068
909 _a202311
_bLúcia
_c55
_dLúcia Elande
942 _2AGRIS
_n0
_cANA
999 _c194309
_d194309